000 00440nam a2200145 a 4500
001 000048240
005 20201002061019.0
008 181207s2018 dr r 000 0 spa d
040 _aDO-SdBNP
_bspa
_cBNPHU
082 _axxxx
_bC947r
245 0 0 _aCronología y rendición de cuentas del General Juan Pablo Duarte.
260 _aSanto Domingo :
_bInstituto Duartiano,
_c2018.
300 _a32 p. ;
_c15 cm.
590 _aInventariado, 2019 / DG
999 _c47728
_d47728